[Event "Osijek op 10th"]
[Site "Osijek"]
[Date "2017.02.26"]
[Round "7"]
[White "Cvijanovic, Srecko"]
[Black "Rogulja, Marko"]
[Result "1-0"]
[WhiteElo "1774"]
[BlackElo "1468"]
[PlyCount "79"]
[EventDate "2017.02.23"]
[EventType "swiss"]
[EventRounds "7"]
[EventCountry "CRO"]
[SourceTitle "EXT 2019"]
[Source "ChessBase"]
[SourceDate "2018.10.10"]
[SourceVersion "1"]
[SourceVersionDate "2018.10.10"]
[SourceQuality "1"]

1. e4 e5 2. Nf3 Nc6 3. Bb5 a6 4. Ba4 b5 5. Bb3 Bc5 6. c3 h6 7. 0-0 Nge7 8. d4 exd4 9. cxd4 Bb6 10. d5 Na5 11. Bc2 0-0 12. b3 Nb7 13. Bb2 Ng6 14. Nd4 d6 15. Nc6 Qh4 16. g3 Qg5 17. Kh1 h5 18. f4 Qh6 19. Kg2 Bg4 20. Qe1 h4 21. f5 hxg3 22. Qxg3 Nh4+ 23. Kh1 Qh5 24. Nd4 f6 25. Rf4 Bf3+ 26. Nxf3 Nxf3 27. Qxf3 Qxf3+ 28. Rxf3 Kf7 29. b4 Rh8 30. Nd2 Rh4 31. Kg2 Rah8 32. h3 R8h6 33. Rg3 a5 34. a3 axb4 35. axb4 Nd8 36. Nf3 R4h5 37. Bd4 Bxd4 38. Nxd4 Ke7 39. Ra7 Kd7 40. Nxb5 1-0